Estatísticas para Equador

Clique aqui para jogar o quiz

Estatísticas Gerais

  • Esse quiz foi jogado 9 vezes
  • A pontuação média é 10 de 15

Estatísticas das Respostas

HintResposta% Correto
Onde fica?América do Sul
100%
Com que país faz fronteira a Norte?Colômbia
100%
Qual é o seu idioma?Espanhol
100%
Como se chama a linha imaginária que divide o planeta em hemisférios?Linha do Equador
100%
Qual é a sua capital?Quito
100%
Qual é a sua religião?Cristianismo
88%
De que país é independente?Espanha
88%
Com que país faz fronteira a Leste e a Sul?Peru
88%
Com que oceano faz fronteira a Oeste?Pacífico
75%
Que ilhas fazem parte do país?Galápagos
38%
Qual é a fruta mais exportada do país?Banana
25%
Qual é o seu código ISO?ECU
25%
Qual é a sua cidade mais populosa?Guaiaquil
25%
Qual é a sua moeda?Dólar americano
13%
Qual é o ponto mais alto do país?Chimborazo
0%

Distribuição das Pontuações

Percentil de Números Respondidos

Porcentagem de Pessoas com Cada Pontuação

Sua Pontuação Histórica

Você não jogou esse quiz